000 00851cam a22002654a 4500
999 _c41520
_d41520
001 15804428
003 OSt
005 20220919130531.0
008 090706s2011 ohua b 001 0 eng
010 _a 2009932083
020 _a9781439042250 (hbk.)
020 _a143904225X (hbk.)
040 _aDLC
_cDLC
050 0 0 _aHD58.7
_b.H44 2011
082 _a658.3
_bHEL/O
100 _aHellriegel, Don
_91516
245 1 0 _aOrganizational behavior /
_cDon Hellriegel, John W. Slocum, Jr.
250 _a13th ed.
260 _aMason, Ohio :
_bSouth-Western Cengage Learning,
_cc2011.
300 _a1 v. (various pagings) :
_bill. ;
_c29 cm.
504 _aIncludes bibliographical references and indexes.
650 0 _aOrganizational behavior.
700 1 _aSlocum, John W.
942 _2ddc
_cBK
_h658.3
_iHEL/O
_k658.3
_mHEL/O